| 000 | 00737nam a2200205 a 4500 | ||
|---|---|---|---|
| 003 | 0 | ||
| 005 | 20250303131608.0 | ||
| 008 | 120723s19uu xx 00 eng d | ||
| 050 |
_aPGS GV 706.5.S46 _b.M829 2012 |
||
| 100 | _aMoran, Jomil P. | ||
| 245 |
_aSelf confidence of varsity and non varsity players / _cJomil P. Moran. |
||
| 260 |
_aLas PiƱas City, Philippines : _bSouthville International School and Colleges, _c2012. |
||
| 300 |
_a20 pages : _billustrations ; _c28 cm. |
||
| 504 | _aIncludes bibliographical references. | ||
| 650 | _aSelf-confidence. | ||
| 650 |
_aAthletes _vPsychology. |
||
| 650 |
_aVarsity sports _vPsychological aspects. |
||
| 650 |
_aNon-varsity athletes _vPsychological aspects. |
||
| 942 |
_2lcc _cPASS |
||
| 999 |
_c98786 _d98786 |
||